00598cam a22002291 4500001001300000003000400013005001700017008004100034010001700075035002000092040001800112043001200130050002000142100003700162245002700199260001100226300002400237500001400261504002700275650004900302999001700351sa 66008066 DLC20260227112310.0890717s1966 ii b 000 0 tamo  asa 66008066  a(OCoLC)20021927 aDLCcWaUdDLC aa-ii---00aPL4758.4b.S2250 aCālai Iḷantiraiyan̲,d1930-10aTamil̲il cir̲ukatai. c[1966] a159, [1] p.c19 cm. aIn Tamil. aBibliography: p. [160] 0aShort stories, TamilxHistory and criticism. c71622d71622